1998 1263 1674 1485 1612 1742 1333 1137 1853 1562 1865 1408 1981 1968 1968 1195 1241 1141 1131 1262 1342 1333 1544 1029 1605 1046 1812 1146 1443 1528 1752 1376 1180 1908 1143 1054 1173 1159 1858 1112 1781 1932 1613 1385 1191 1467 1636 1936 1360 1128 1012 1989 1571 1902 1337 1891 1172 1712 1901 1843 1010 1033 1152 1463 1812 1015 1775 1008 1152 1774 1925 1609 1487 1883 1417 1479 1035 1074 1481 1700 1129 1116 1720 1249 1035 1362 1687 1056 1291 1561 1665 1136 1552 1888 1749 1326 1303 1781 1567 BCNSPRNW ULIB Ver.6.0+V

เปลี่ยนเป็นภาษาไทย

Change to English
 แสดงรายละเอียดบรรณานุกรม
  กลับหน้าหลัก

Brief Record : Get Marc (ISO 2709) : E-mail record : QR code < ปิดหน้าต่าง
LEADER : 00000nam 2200000uu 4500
001    13399112981
003     ULIB
008    110921s2553||||th 000 0 tha d
060  4 QY95^bส723ซ ล.1 2553
245 00 เซลล์ชีววิทยาทางการแพทย์ 1:ชีวโมเลกุลและบทบาทระดับเซลล์ /^cบรรณาธิการ, สิทธิศักดิ์ หรรษาเวก, ชัยวัฒน์ สว่างคง
260    กรุงเทพฯ :^bภาควิชาชีวเคมี คณะแพทยศาสตร์จุฬาลงกรณ์มหาวิทยาลัย
300    2 เล่ม :^bภาพประกอบ ;^c29 ซม.
650  7 ชีววิทยา
650  7 เซลล์
650  7 ชีวโมเลกุล
700 0  สิทธิศักดิ์ หรรษาเวก,^eบรรณาธิการ
700 0  ชัยวัฒน์ สว่างคง,^eบรรณาธิการ
710 2  จุฬาลงกรณ์มหาวิทยาลัย. ^bคณะแพทยศาสตร์. ^bภาควิชาชีวเคมี
945    ^p350^l0^i18582
945    ^p350^l0^i18583
945    ^p350^l0^i18584
945    ^p350^l0^i18585
945    ^p350^l0^i18586
995     กัณชพร
999    ^aใช้งานได้ทุกระบบ
รายการนี้ยังไม่มีแท็ก
คุณยังไม่ได้ล็อกอิน คุณสามารถมีกิจกรรมร่วมกับเว็บไซต์ได้ แต่ต้องล็อกอินก่อน ::
  ล็อกอิน

รายการสื่อสารสนเทศ

ลำดับที่ ประเภท เลขเรียก/บาร์โค้ด สถานที่ สถานะ
- ไม่พบข้อมูล -

รายการใกล้เคียง
    หัวเรื่อง [ชีววิทยา]
    หัวเรื่อง [เซลล์]
    หัวเรื่อง [ชีวโมเลกุล]

BibComment


ยังไม่เคยถูกคอมเมนท์

คอมเมนท์ทรัพยากรรายการนี้
  คอมเมนท์: เซลล์ชีววิทยาทางก..


 Copyright 2026. Bcnsprnw @Library